[Event "VI Open"]
[Site "Padova ITA"]
[Date "2003.12.13"]
[Round "1"]
[White "Contini, Davide"]
[Black "Naumkin, Igor"]
[Result "1-0"]
[WhiteElo "1860"]
[BlackElo "2401"]
[PlyCount "69"]
[EventDate "2003.12.13"]

1. d4 e6 2. Nf3 f5 3. g3 Nf6 4. Bg2 Be7 5. O-O O-O 6. c4 d6 7. Nc3 a5 8. b3 Qe8
9. Bb2 Qh5 10. Nd2 Qh6 11. e4 f4 12. e5 dxe5 13. dxe5 Nfd7 14. Nf3 Nc5 15. Qe2
Bd7 16. Nd4 Nc6 17. Ncb5 Nxd4 18. Nxd4 Be8 19. Rad1 Rd8 20. Bc3 Bg6 21. Bxa5
Bd3 22. Rxd3 Nxd3 23. Nb5 fxg3 24. hxg3 Rxf2 25. Rxf2 Nxf2 26. Qxf2 Rf8 27. Bd2
Qg6 28. Bf4 c6 29. Nd6 Qb1+ 30. Qf1 Qxa2 31. Qd3 Bd8 32. Nxb7 Qa1+ 33. Kh2 g5
34. Nxd8 gxf4 35. Nxe6 1-0